Analýza vývoja finančných únikov v oblasti spotrebnej dane z cigariet

Problematika finančných únikov na cle, spotrebnej dani a DPH z tabakových výrobkov. Možnosti opatrení smerujúcich k ochrane finančných záujmov SR a EÚ prostredníctvom informačného systému EMCS (Excise Movement and Control System) vyvinutého EÚ.

Gespeichert in:
Bibliographische Detailangaben
1. Verfasser: Vlk, Gabriel
Format: Buchkapitel
Sprache:Slowakisch
Schlagworte:
Tags: Tag hinzufügen
Keine Tags, Fügen Sie das erste Tag hinzu!

MARC

LEADER 00000nla a2200000 4500
001 0160721
005 20240502072805.9
041 0 |a slo 
044 |a SK 
245 1 0 |a Analýza vývoja finančných únikov v oblasti spotrebnej dane z cigariet  |c Gabriel Vlk 
520 |a Problematika finančných únikov na cle, spotrebnej dani a DPH z tabakových výrobkov. Možnosti opatrení smerujúcich k ochrane finančných záujmov SR a EÚ prostredníctvom informačného systému EMCS (Excise Movement and Control System) vyvinutého EÚ. 
610 2 0 |a politika daňová 
610 2 0 |a dane spotrebné 
610 2 0 |a dane z hodnoty pridanej 
610 2 0 |a únik daňový 
610 2 0 |a clá dovozné 
610 2 0 |a poplatky colné 
610 2 0 |a výrobky tabakové 
100 1 |a Vlk, Gabriel